| Tag |
First Indicator |
Second Indicator |
Subfields |
| LEADER |
00000cam a22000001i 4500 |
| 001 |
in00000711521 |
| 005 |
20240410150109.2 |
| 008 |
760116s1915 nyuacf 000 1 eng |
| 010 |
|
|
|a 15023639
|
| 029 |
1 |
|
|a AU@
|b 000023292560
|
| 035 |
|
|
|a (OCoLC)ocm01932563
|
| 035 |
|
|
|a (OCoLC)1932563
|
| 040 |
|
|
|a DLC
|b eng
|e rda
|c PKT
|d DLC
|d MNU
|d OCLCQ
|d OCLCG
|d OCLCQ
|d UUO
|d OCLCF
|d OCLCQ
|d OCLCO
|d GILDS
|d BRL
|d FQG
|d NJT
|d UUM
|d EYM
|d OCLCO
|d UUM
|d OCLCO
|d OCLCL
|
| 050 |
0 |
0 |
|a PR5486
|b .A1 1915
|
| 082 |
|
4 |
|a 823.89
|b S848t 1915
|
| 100 |
1 |
|
|a Stevenson, Robert Louis,
|d 1850-1894,
|e author.
|1 https://id.oclc.org/worldcat/entity/E39PBJvRT8Tm8kwtmKrcXPKrv3
|
| 245 |
1 |
0 |
|a Treasure Island /
|c by Robert Louis Stevenson ; with over one hundred illustrations and decorations by Louis Rhead.
|
| 264 |
|
1 |
|a New York ;
|a London :
|b Harper & Brothers,
|c [1915]
|
| 300 |
|
|
|a 11 preliminary leaves, 3-288, [1] pages :
|b . frontispiece (portrait), illustrations, plates ;
|c 23 cm
|
| 336 |
|
|
|a text
|b txt
|2 rdacontent
|
| 337 |
|
|
|a unmediated
|b n
|2 rdamedia
|
| 338 |
|
|
|a volume
|b nc
|2 rdacarrier
|
| 500 |
|
|
|a Title within illustrated border; decorated lining-papers.
|
| 520 |
|
|
|a While going through the possessions of a deceased guest who owed them money, the mistress of the inn and her son find a treasure map that leads them to a pirate's fortune.
|
| 650 |
|
0 |
|a Treasure Island (Imaginary place)
|v Fiction.
|
| 650 |
|
0 |
|a Treasure troves
|v Fiction.
|
| 650 |
|
0 |
|a Pirates
|v Fiction.
|
| 650 |
|
6 |
|a Trésors
|x Recherche
|v Romans, nouvelles, etc.
|
| 650 |
|
6 |
|a Pirates
|v Romans, nouvelles, etc.
|
| 650 |
|
7 |
|a Pirates.
|2 fast
|0 (OCoLC)fst01064776
|
| 650 |
|
7 |
|a Treasure Island (Imaginary place)
|2 fast
|0 (OCoLC)fst01155848
|
| 650 |
|
7 |
|a Treasure troves.
|2 fast
|0 (OCoLC)fst01431639
|
| 655 |
|
7 |
|a Fiction.
|2 fast
|0 (OCoLC)fst01423787
|
| 655 |
|
7 |
|a Sea stories.
|2 gsafd
|
| 655 |
|
7 |
|a Juvenile literature.
|2 rbgenr
|
| 655 |
|
7 |
|a Publishers' advertisements.
|2 rbgenr
|
| 700 |
1 |
|
|a Rhead, Louis,
|d 1857-1926,
|e illustrator.
|1 https://id.oclc.org/worldcat/entity/E39PBJr83q7vrQhgf6dCrTrrMP
|
| 758 |
|
|
|i has work:
|a L'Ile au tresor (Text)
|1 https://id.oclc.org/worldcat/entity/E39PCGBBTFtJjjTQpCBWf6hxH3
|4 https://id.oclc.org/worldcat/ontology/hasWork
|
| 776 |
0 |
8 |
|i Online version:
|a Stevenson, Robert Louis, 1850-1894.
|t Treasure Island.
|d New York London, Harper & Bros. [1915]
|w (OCoLC)894101872
|
| 948 |
|
|
|h HELD BY TXA - 90 OTHER HOLDINGS
|
| 994 |
|
|
|a Z0
|b TXA
|
| 999 |
f |
f |
|s b72b4951-b65f-302f-9fd7-6d9722f4eef1
|i 2191f010-37eb-371e-b505-ca2e3930d93b
|t 0
|
| 952 |
f |
f |
|p normal
|a Texas A&M University
|b College Station
|c Sterling C. Evans Library
|d Evans: Library Stacks
|t 0
|e PR5486 .A1 1915
|h Library of Congress classification
|i unmediated -- volume
|m A14801330722
|
| 952 |
f |
f |
|p noncirc
|a Texas A&M University
|b College Station
|c Cushing Memorial Library & Archives
|d Cushing: Dykes (Does not check out)
|t 0
|e PR5486 .A1 1915
|h Library of Congress classification
|i unmediated -- volume
|m A1485323828B
|
| 998 |
f |
f |
|a PR5486 .A1 1915
|t 0
|l Cushing: Dykes (Does not check out)
|
| 998 |
f |
f |
|a PR5486 .A1 1915
|t 0
|l Evans: Library Stacks
|